IFM Opac

Banker and customer relationship and the accounts of personal customers (Record no. 1167)

MARC details
000 -LEADER
fixed length control field 00418nam a2200157Ia 4500
008 - FIXED-LENGTH DATA ELEMENTS--GENERAL INFORMATION
fixed length control field 150509s9999 xx 000 0 und d
020 ## - INTERNATIONAL STANDARD BOOK NUMBER
International Standard Book Number 0 900791 35 7
082 ## - DEWEY DECIMAL CLASSIFICATION NUMBER
Classification number 332.17 MAT
100 ## - MAIN ENTRY--PERSONAL NAME
Personal name Mather, L.C.
245 ## - TITLE STATEMENT
Title Banker and customer relationship and the accounts of personal customers
260 ## - PUBLICATION, DISTRIBUTION, ETC.
Place of publication, distribution, etc. London:
260 ## - PUBLICATION, DISTRIBUTION, ETC.
Name of publisher, distributor, etc. Waterlow
260 ## - PUBLICATION, DISTRIBUTION, ETC.
Date of publication, distribution, etc. 1977
300 ## - PHYSICAL DESCRIPTION
Extent ii, 322 p. : 21 cm.
500 ## - GENERAL NOTE
General note Includes index
Holdings
Withdrawn status Lost status Source of classification or shelving scheme Damaged status Not for loan Home library Current library Shelving location Date acquired Total Checkouts Full call number Barcode Date last seen Price effective from Koha item type
Withdrawn   Dewey Decimal Classification     IFM Main Campus Library IFM Main Campus Library Archival Collection 05/15/2015   332.17 MAT 0000015178 05/15/2015 05/15/2015 Books